000 00989nam a2200253Ia 4500
003 OSt
005 20221005110336.0
006 a|||||r|||| 00| 0
007 ta
008 221004b |||||||| |||| 00| 0 hin d
020 _a9788179752838 (hbk)
_c300
024 _a105761
037 _bIN1037, 17/03/2011, Anamika Publishers & Distributors Pvt. Ltd.
_cTextual
040 _aCRL
_cCRL
_bhin
041 _2hin
_ahin
082 _aO152,1J03:g(Y15), P9
100 _aपूनम कुमारी
245 0 _aस्त्री चेतना और मीरा का काव्य
246 _aStrī chetanā aur mīrā kā kāvya
260 _aनई दिल्ली
_bअनामिका पब्लिशर्स भारत
_c2009
300 _a158पृ0
_ccm.
942 _hO152,1J03:g(Y15), P9
_cTEXL
_2cc
999 _c1018507
_d1018507